Normal view
MARC view
- Sir Faqir Taj.
Entry Personal Name
001 - CONTROL NUMBER
- control field: 18750
003 - CONTROL NUMBER IDENTIFIER
- control field: NUST
005 - DATE AND TIME OF LATEST TRANSACTION
- control field: 20190728104847.0
008 - FIXED-LENGTH DATA ELEMENTS
- fixed length control field: 190728|| aca||aabn | a|a d
040 ## - CATALOGING SOURCE
- Original cataloging agency: NUST
- Transcribing agency: NUST
100 ## - HEADING--PERSONAL NAME
- Personal name: Sir Faqir Taj.
670 ## - SOURCE DATA FOUND
- Source citation: Work cat.: (NUST): Shakeel, Sana 18749, A Successful CRM Implementation Project in A Fast Moving Consumer Goods Company (FMCGs): Case Study' /, 2016.
